| 000 | 00363pab a2200145 454500 | ||
|---|---|---|---|
| 008 | 180718b1975 xxu||||| |||| 00| 0 eng d | ||
| 100 | _aSingh, Partap | ||
| 245 | _aMunicipalities and the provisions for public safety: A study of Haryana | ||
| 260 | _c1975 | ||
| 300 | _ap.24-29. | ||
| 362 | _aApr-Jun | ||
| 773 | _aNagarlok | ||
| 908 | _aN | ||
| 909 | _a102477 | ||
| 999 |
_c102475 _d102475 |
||